| 000 | 01671cam a22002174a 4500 | ||
|---|---|---|---|
| 005 | 20250605164123.0 | ||
| 008 | 250528s ||||||||||||||||||||||||d | ||
| 035 | _a18366 | ||
| 020 | _a9607510151 | ||
| 040 |
_aGR-AtMCL _bgre _dGR-AtMCL _eAACR2 |
||
| 245 | 1 | _aΕισαγωγή στις Τηλεπικοινωνίες | |
| 260 |
_bΠαπασωτηρίου, _c1995 |
||
| 300 | _a208 | ||
| 520 | _aΤο βιβλίο αυτό αποτελεί εισαγωγή στη θεωρία των σημάτων και των τηλεπικοινωνιών. Εισαγωγή, Σήματα και Συστήματα, Κατηγορίες Σημάτων, Χρήσιμα Στοιχειώδη Σήματα, Αυτοσυσχέτιση, Ταξινόμηση Συστημάτων, Φασματική Περιγραφή Σημάτων, Ορθογώνιες Συναρτήσεις, Η Σειρά Fourier, Ο Μετασχηματισμός Fourier, Στοιχειώδη Φίλτρα, Θόρυβος, Αναλογικά Συστήματα Διαμόρφωσης, Διαμόρφωση Πλάτους, Διαμόρφωση Γωνίας, Διαμόρφωση Φάσης, Ψηφιακή Μετάδοση Αναλογικών Σημάτων, Θεώρημα Δειγματοληψίας, Κβαντοποίηση Σημάτων, Κωδικοποίηση, Ψηφιακά Σύστηματα Διαμόρφωσης, Τεχνικές Ψηφιακής Διαμόρφωσης, Βιβλιογραφία. | ||
| 700 | 1 |
_aΚαψάλης Χ _92932 |
|
| 700 | 1 |
_aΚωνσταντίνου Φίλιππος _94642 |
|
| 700 | 1 |
_aΚώττης Π _92933 |
|
| 942 | _cBK | ||
| 999 |
_c3728 _d3728 |
||